000 00684nam a2200205 4500
003 CO-ViMGA
020 _a9786070506536
040 _aCO-ViMGA
_bspa
_cCO-ViMGA
082 0 4 _a808
_bG17e
100 1 _aGarcía Córdoba, Fernando
_95068
245 1 0 _aEscribir Escribiendo/
_bEjercicios preliminares para escribir un ensayo
_cFernando García Córdoba
260 _aMéxico
_bLimusa
_c2014
300 _a108 p.:
_b23 cm.
500 _aIncluye tabla de contenido
504 _aIncluye bibliografía, págs. 107-108
650 1 4 _aEnsayo
_vEscribir, avisos, listas
_95069
650 1 4 _aPárrafo
_vDe la oración al párrafo
_95070
700 1 _aOrtiz Martínez, Alejandra
_95071
942 _cBK
999 _c35894
_d35894